|
|
|
|
| LEADER |
00000nab a2200000 ar4500 |
| 001 |
vtls011555660 |
| 003 |
SK-MaSNL |
| 005 |
20260303210757.0 |
| 008 |
160527c2016 xo |r|p|||an |000 b|slo |
| 015 |
|
|
|a SNBRB2016/05
|
| 038 |
|
|
|a SPK
|
| 040 |
|
|
|a SPKCL
|b slo
|c AACR2
|e AACR2
|
| 041 |
0 |
|
|a slo
|b slo
|
| 044 |
|
|
|a xo
|c SK
|
| 072 |
|
7 |
|a 37
|x Výchova a vzdelávanie
|2 konspekt
|
| 080 |
|
|
|a 379.8
|2 2011
|
| 080 |
|
|
|a 373.3
|2 2011
|
| 100 |
1 |
|
|a Bajusová, Mária
|4 aut
|9 1242937
|
| 245 |
1 |
0 |
|a Monitoring využívania voľného času žiakmi ZŠ Košice - okolie
|c Mária Bajusová, Tatiana Bányaiová, Lýdia Begerová
|
| 300 |
|
|
|b Grafy
|
| 504 |
|
|
|a Bibliogr. odkazy
|
| 546 |
|
|
|a Res. slov.
|
| 650 |
0 |
7 |
|a voľný čas
|2 snkbucl
|9 3355
|
| 650 |
0 |
7 |
|a základné školy
|2 snkbucl
|9 1280
|
| 700 |
1 |
|
|a Bányaiová, Tatiana
|4 aut
|9 727761
|
| 700 |
1 |
|
|a Begerová, Lýdia
|4 aut
|9 786376
|
| 773 |
0 |
|
|t Prevencia : informačný bulletin zameraný na prevenciu sociálno-patologických javov v rezorte školstva
|g Roč. XV, č. 1(2016), s. 3-12
|x 1336-3689
|
| 852 |
|
|
|a SPK
|b KIS3GCP
|
| 958 |
|
|
|a NB
|2 spk
|
| 999 |
|
|
|c 2201624
|d 2203554
|